Macroeconomic (Record no. 4547)
[ view plain ]
| 000 -LEADER | |
|---|---|
| fixed length control field | 00294nam a2200133Ia 4500 |
| 008 - FIXED-LENGTH DATA ELEMENTS--GENERAL INFORMATION | |
| fixed length control field | 191201s2008 xx 000 0 und d |
| 100 ## - MAIN ENTRY--PERSONAL NAME | |
| Personal name | DORNBUSCH, Rudiger |
| 245 #0 - TITLE STATEMENT | |
| Title | Macroeconomic |
| 250 ## - EDITION STATEMENT | |
| Edition statement | Rep |
| 260 ## - PUBLICATION, DISTRIBUTION, ETC. (IMPRINT) | |
| Place of publication, distribution, etc | N. delhi |
| Name of publisher, distributor, etc | TMH |
| Date of publication, distribution, etc | 2008 |
| 300 ## - PHYSICAL DESCRIPTION | |
| Extent | 613 |
| 650 ## - SUBJECT ADDED ENTRY--TOPICAL TERM | |
| Topical term or geographic name as entry element | BBA |
| 942 ## - ADDED ENTRY ELEMENTS (KOHA) | |
| Source of classification or shelving scheme | Dewey Decimal Classification |
| Koha item type | Text Books |
| 942 ## - ADDED ENTRY ELEMENTS (KOHA) | |
| -- | 1 |
| Withdrawn status | Lost status | Source of classification or shelving scheme | Damaged status | Not for loan | Collection code | Home library | Current library | Date acquired | Source of acquisition | Cost, normal purchase price | Bill Number | Total Checkouts | Full call number | Acc. no. / Barcode | Date last seen | Bill Date | Koha item type | Checked out | Date last borrowed | Public note |
|---|---|---|---|---|---|---|---|---|---|---|---|---|---|---|---|---|---|---|---|---|
| Dewey Decimal Classification | BBA | PIET C-LIBRARY | PIET C-LIBRARY | 15/07/2010 | The book company | 395.00 | IN-1486 | 339 DOM | 15581 | 04/12/2019 | 07/06/2010 | Text Books | ||||||||
| Dewey Decimal Classification | BBA | PIET C-LIBRARY | PIET C-LIBRARY | 15/07/2010 | The book company | 395.00 | IN-1486 | 339 DOM | 15582 | 04/12/2019 | 07/06/2010 | Text Books | ||||||||
| Dewey Decimal Classification | BBA | PIET C-LIBRARY | PIET C-LIBRARY | 15/07/2010 | The book company | 395.00 | IN-1486 | 339 DOM | 15583 | 04/12/2019 | 07/06/2010 | Text Books | ||||||||
| Dewey Decimal Classification | BBA | PIET C-LIBRARY | PIET C-LIBRARY | 15/07/2010 | The book company | 395.00 | IN-1486 | 005.1 GUS | 15584 | 04/12/2019 | 07/06/2010 | Text Books | ||||||||
| Dewey Decimal Classification | BBA | PIET C-LIBRARY | PIET C-LIBRARY | 15/07/2010 | The book company | 395.00 | IN-1486 | 339 DOM | 15585 | 04/12/2019 | 07/06/2010 | Text Books | ||||||||
| Dewey Decimal Classification | BBA | PIET C-LIBRARY | PIET C-LIBRARY | 15/07/2010 | The book company | 395.00 | IN-1486 | 1 | 339 DOM | 15586 | 22/01/2022 | 07/06/2010 | Text Books | 21/07/2022 | 22/01/2022 | . |